000 02675nam a2200289 i 4500
003 DO-SdBPM
005 20260209090908.0
007 ta
008 230616b2002 dr ||||| |||| 00| 0 spa d
020 _a9993425389
040 _aDO-SdBPM
_bspa
_cBPMSU
_erda
_d
082 4 _a302.14
_b P273c 2002
_222
245 0 0 _aParticipación ciudadana y descentralización en América Latina :
_bavances, problemas, desafios y prácticas ejemplares /
_ceditor, Ramón Tejada Holguín
264 _aSanto Domingo :
_bInstituto Interamericano de Desarrollo Social
_b}Banco Interamericano de Desarrollo :
_b Instituto Tecnológico de Santo Domingo,
_c2002.
300 _a346 páginas ;
_b ilustraciones,
_c22 cm.
336 _2rdacontent
_atexto
_btxt
337 _2rdamedia
_asin mediación
_bn
338 _2rdacarrier
_avolumen
_bnc
500 _aIncluye referencias bibliográficas y notas al pie de las páginas
505 0 _aEstado y descentralización en América Latina 23 -- La descentralización y el nuevo Estado / Fernando Calderón 25 -- Descentralización y gobernabilidad democrática en América Latina. (Nota e hipótesis para la discusión) / Wilfredo Lozano 57 -- Municipalidad, descentralización y participación en República Dominicana 97 -- Las reformas económicas / Isidoro Santana 99 -- Proyecto de ordenamiento territorial y descentralización de la función pública / Tirso Mejía Ricart 113 -- La descentralización y la reforma del sector salud en la República Dominicana / Bernardo Matías 135 -- Participación ciudadana y reformas políticas / Javier Cabreja 145 -- Provincias y regiones : consideraciones en torno a la división y organización territorial / Pedro Hernández Paulino 159 -- Los ocho desafíos de la autonomía municipal / Faustino Collado 179 -- Ley de participación social y ciudadana de la República Dominicana / José Angel Aquino 185 -- Experiencias de éxitos en América Latina 207 -- Dos experiencias latinoamericanas de búsqueda deliberativa / Fernando Calderón 209 -- Poder local y ciudadanía; experiencia del presupuesto participativo de Puerto Alegre / Luciano Fedozzi 229 -- La enseñanza del enfoque y herramientas de la gerencia social en el nivel municipal. Bases de una propuesta curricular / Isabel Licha 277 -- Conclusiones de los grupos de trabajo 295 -- Anteproyecto de Ley de participación de la República Dominicana 311
590 _aInventariado, 2026/VM
650 7 _aParticipación social
_zAmérica Latina
650 7 _a Descentralización administrativa
_zAmérica Latina
700 1 _aTejada Holguín, Ramón,
_d1961-
_eeditor
910 _aVMateo V. Control de calidad. BPMSU
942 _2ddc
_cBK
999 _c15671
_d15671